[Event "2017 O2C Doeberl Cup"]
[Site "Canberra Australia"]
[Date "2017.04.17"]
[Round "9.1"]
[White "Heberla, Bartlomiej"]
[Black "Ganguly, Surya Shekhar"]
[Result "1/2-1/2"]
[LiveChessVersion "1.4.4"]
[BlackElo "2640"]
[WhiteElo "2580"]

1. Nf3 {[%clk 1:29:05]} d5 {[%clk 1:30:34]} 2. g3 {[%clk 1:29:32]} Nf6
{[%clk 1:29:26]} 3. Bg2 {[%clk 1:27:05]} e6 {[%clk 1:29:51]} 4. O-O
{[%clk 1:27:27]} Be7 {[%clk 1:30:17]} 5. d3 O-O 6. Nbd2 {[%clk 1:24:00]} a5
{[%clk 1:30:08]} 7. e4 {[%clk 1:24:24]} a4 {[%clk 1:30:32]} 8. e5
{[%clk 1:24:24]} Nfd7 {[%clk 1:28:51]} 9. Re1 {[%clk 1:24:05]} a3
{[%clk 1:26:52]} 10. b3 {[%clk 1:15:33]} Bb4 {[%clk 1:26:00]} 11. d4
{[%clk 0:57:35]} Bc3 {[%clk 1:11:28]} 12. Rb1 {[%clk 0:57:31]} c5
{[%clk 1:11:04]} 13. dxc5 {[%clk 0:56:18]} 1/2-1/2

[Event "2017 O2C Doeberl Cup"]
[Site "Canberra Australia"]
[Date "2017.04.17"]
[Round "9.2"]
[White "Krasenkow, Michal"]
[Black "Zulfic, Fedja"]
[Result "1-0"]
[LiveChessVersion "1.4.4"]
[BlackElo "2118"]
[WhiteElo "2620"]

1. d4 {[%clk 1:30:57]} Nf6 {[%clk 1:26:14]} 2. c4 {[%clk 1:31:24]} g6
{[%clk 1:26:37]} 3. Nc3 {[%clk 1:31:50]} d5 {[%clk 1:27:03]} 4. cxd5
{[%clk 1:32:16]} Nxd5 {[%clk 1:27:29]} 5. e4 {[%clk 1:32:42]} Nxc3
{[%clk 1:27:53]} 6. bxc3 {[%clk 1:33:09]} Bg7 {[%clk 1:28:16]} 7. Bc4
{[%clk 1:32:51]} c5 {[%clk 1:28:20]} 8. Ne2 {[%clk 1:33:15]} O-O {[%clk 1:28:29]}
9. O-O {[%clk 1:32:17]} Nc6 {[%clk 1:28:05]} 10. Be3 {[%clk 1:32:42]} Na5
{[%clk 1:27:34]} 11. Bd3 {[%clk 1:33:05]} b6 {[%clk 1:27:49]} 12. Rc1
{[%clk 1:32:20]} e5 {[%clk 1:27:50]} 13. d5 {[%clk 1:29:29]} f5 {[%clk 1:25:58]}
14. f3 {[%clk 1:28:32]} f4 {[%clk 1:20:37]} 15. Bd2 {[%clk 1:29:01]} c4
{[%clk 1:18:11]} 16. Bc2 {[%clk 1:29:23]} g5 {[%clk 1:06:30]} 17. g3
{[%clk 1:29:33]} Rf6 {[%clk 1:03:41]} 18. Kh1 {[%clk 1:24:53]} Rh6
{[%clk 0:58:13]} 19. Qe1 {[%clk 1:23:31]} Kh8 {[%clk 0:53:33]} 20. Rg1
{[%clk 1:22:05]} Qe8 {[%clk 0:47:35]} 21. gxf4 gxf4 {[%clk 0:45:02]} 22. Nxf4
{[%clk 1:07:53]} exf4 {[%clk 0:42:31]} 23. Bxf4 {[%clk 1:07:50]} Qh5
{[%clk 0:30:31]} 24. Qe3 {[%clk 1:03:49]} Rg6 {[%clk 0:26:50]} 25. Rxg6
{[%clk 1:02:28]} hxg6 {[%clk 0:26:49]} 26. Rg1 {[%clk 1:02:52]} Bd7
{[%clk 0:25:03]} 27. Rg5 {[%clk 1:00:26]} Qh3 {[%clk 0:23:37]} 28. Rxg6
{[%clk 0:58:12]} Rf8 {[%clk 0:19:54]} 29. Be5 {[%clk 0:34:14]} Bxe5
{[%clk 0:14:59]} 30. Rh6+ {[%clk 0:33:54]} Qxh6 {[%clk 0:15:23]} 31. Qxh6+
{[%clk 0:34:19]} Kg8 {[%clk 0:15:48]} 32. Qg6+ {[%clk 0:34:27]} Bg7
{[%clk 0:16:11]} 33. e5 {[%clk 0:34:49]} 1-0

[Event "2017 O2C Doeberl Cup"]
[Site "Canberra Australia"]
[Date "2017.04.17"]
[Round "9.3"]
[White "Chan, Luis"]
[Black "Zhao, Zong-Yuan"]
[Result "0-1"]
[LiveChessVersion "1.4.4"]
[BlackElo "2539"]
[WhiteElo "2169"]

1. d4 {[%clk 1:30:58]} Nf6 {[%clk 1:27:00]} 2. c4 {[%clk 1:31:23]} g6
{[%clk 1:27:24]} 3. Nc3 {[%clk 1:31:49]} Bg7 {[%clk 1:27:51]} 4. e4
{[%clk 1:32:12]} d6 {[%clk 1:28:19]} 5. Be2 {[%clk 1:31:42]} O-O {[%clk 1:28:37]}
6. Bg5 {[%clk 1:31:17]} Na6 {[%clk 1:28:53]} 7. f4 {[%clk 1:30:43]} c6
{[%clk 1:29:17]} 8. Nf3 {[%clk 1:29:43]} Nc7 {[%clk 1:29:43]} 9. Bh4
{[%clk 1:28:42]} b5 {[%clk 1:30:08]} 10. e5 {[%clk 1:27:01]} Nh5 {[%clk 1:20:37]}
11. Qd2 {[%clk 1:19:54]} bxc4 {[%clk 1:15:55]} 12. Bxc4 {[%clk 1:18:02]} Be6
{[%clk 1:16:12]} 13. Be2 {[%clk 1:01:54]} f6 {[%clk 1:13:56]} 14. O-O
{[%clk 0:52:22]} Bh6 {[%clk 0:59:06]} 15. g3 {[%clk 0:47:08]} Ng7
{[%clk 0:53:54]} 16. Bd3 {[%clk 0:30:49]} Nf5 {[%clk 0:52:20]} 17. Bxf5
{[%clk 0:30:13]} Bxf5 {[%clk 0:52:41]} 18. exf6 {[%clk 0:30:11]} exf6
{[%clk 0:52:50]} 19. d5 {[%clk 0:30:16]} c5 {[%clk 0:52:19]} 20. Rfe1
{[%clk 0:27:57]} Bg4 {[%clk 0:39:02]} 21. Qe3 {[%clk 0:17:59]} Bg7
{[%clk 0:35:19]} 22. h3 Bxh3 {[%clk 0:29:12]} 23. Nh2 {[%clk 0:04:37]} Qd7
{[%clk 0:23:50]} 24. Qe7 {[%clk 0:03:43]} Rae8 {[%clk 0:15:36]} 25. Qxd7
{[%clk 0:04:07]} Bxd7 {[%clk 0:16:05]} 26. Ne4 {[%clk 0:03:23]} h6
{[%clk 0:12:23]} 27. g4 {[%clk 0:01:45]} f5 {[%clk 0:11:42]} 28. Nxd6
{[%clk 0:00:54]} Rxe1+ {[%clk 0:11:42]} 29. Rxe1 {[%clk 0:01:22]} Nxd5
{[%clk 0:12:00]} 30. gxf5 {[%clk 0:00:46]} Bxf5 {[%clk 0:11:40]} 31. Be7
{[%clk 0:00:35]} Bd4+ {[%clk 0:08:47]} 32. Kh1 {[%clk 0:00:56]} Nxe7
{[%clk 0:04:07]} 33. Rxe7 {[%clk 0:01:23]} Bh3 {[%clk 0:04:27]} 34. Rxa7
{[%clk 0:00:48]} Rxf4 {[%clk 0:04:43]} 35. Ra8+ {[%clk 0:01:00]} Kg7
{[%clk 0:04:37]} 36. Ra7+ {[%clk 0:01:07]} Kf8 {[%clk 0:04:54]} 37. Nb5
{[%clk 0:00:35]} Bxb2 {[%clk 0:03:11]} 38. Rc7 {[%clk 0:00:32]} c4
{[%clk 0:02:26]} 39. a4 {[%clk 0:00:33]} Be5 {[%clk 0:01:13]} 40. Rc5
{[%clk 0:00:36]} Re4 {[%clk 0:01:13]} 41. Nf3 {[%clk 0:29:52]} Bf4
{[%clk 0:27:06]} 42. Nbd4 {[%clk 0:27:48]} g5 {[%clk 0:25:11]} 43. Rxc4
{[%clk 0:27:23]} Be3 {[%clk 0:22:41]} 44. Rc3 {[%clk 0:22:05]} g4
{[%clk 0:16:22]} 45. Nc2 {[%clk 0:17:49]} gxf3 {[%clk 0:15:19]} 46. Nxe3
{[%clk 0:17:49]} f2 {[%clk 0:15:15]} 47. Nf1 {[%clk 0:17:06]} Bxf1
{[%clk 0:15:07]} 48. Rf3+ {[%clk 0:17:32]} Kg7 {[%clk 0:14:59]} 49. Rxf2
{[%clk 0:17:59]} Ba6 {[%clk 0:15:18]} 0-1

[Event "2017 O2C Doeberl Cup"]
[Site "Canberra Australia"]
[Date "2017.04.17"]
[Round "9.4"]
[White "Ly, Moulthun"]
[Black "Johansen, Darryl K"]
[Result "1/2-1/2"]
[LiveChessVersion "1.4.4"]
[BlackElo "2377"]
[WhiteElo "2486"]

1. e4 {[%clk 1:30:56]} c5 {[%clk 1:30:41]} 2. Nf3 {[%clk 1:31:18]} d6
{[%clk 1:31:02]} 3. d4 {[%clk 1:31:42]} Nf6 {[%clk 1:31:26]} 4. Nc3
{[%clk 1:31:43]} cxd4 {[%clk 1:31:47]} 5. Nxd4 {[%clk 1:32:10]} Bd7
{[%clk 1:32:08]} 6. Bg5 {[%clk 1:30:59]} e6 {[%clk 1:32:18]} 7. f3
{[%clk 1:27:36]} a6 {[%clk 1:30:38]} 8. Qd2 {[%clk 1:27:59]} h6 {[%clk 1:27:43]}
9. Be3 {[%clk 1:28:16]} Be7 {[%clk 1:22:47]} 10. O-O-O {[%clk 1:28:08]} b5
{[%clk 1:23:04]} 11. Kb1 {[%clk 1:28:10]} b4 {[%clk 1:22:11]} 12. Nce2
{[%clk 1:28:31]} e5 {[%clk 1:22:24]} 13. Nf5 {[%clk 1:28:10]} Bxf5
{[%clk 1:22:47]} 14. exf5 {[%clk 1:28:35]} Nc6 {[%clk 1:15:07]} 15. c4
{[%clk 1:21:14]} Qc7 {[%clk 1:14:41]} 16. Ng3 {[%clk 1:17:42]} Rd8
{[%clk 1:12:58]} 17. Ne4 {[%clk 1:16:56]} Nxe4 {[%clk 1:12:43]} 18. fxe4
{[%clk 1:17:20]} h5 {[%clk 1:09:05]} 19. Bd3 {[%clk 1:12:26]} a5 {[%clk 1:09:25]}
20. Bc2 {[%clk 1:12:14]} Nd4 {[%clk 1:09:51]} 21. Ba4+ {[%clk 1:11:45]} Kf8
{[%clk 1:10:14]} 22. Qd3 {[%clk 1:11:23]} Bf6 {[%clk 1:09:22]} 23. g3
{[%clk 1:09:21]} Rc8 {[%clk 1:03:02]} 24. Rc1 {[%clk 0:56:44]} Qe7
{[%clk 1:03:08]} 25. Bf2 {[%clk 0:56:49]} Qc7 {[%clk 0:52:05]} 26. h4
{[%clk 0:53:43]} Qc5 {[%clk 0:50:40]} 27. Be3 {[%clk 0:52:53]} Ke7
{[%clk 0:50:30]} 28. b3 {[%clk 0:52:24]} Rh7 {[%clk 0:48:14]} 29. Rcd1
{[%clk 0:52:47]} Rhh8 {[%clk 0:47:53]} 30. Rd2 {[%clk 0:53:09]} Rh7
{[%clk 0:46:49]} 31. Rhd1 {[%clk 0:53:24]} Rhh8 {[%clk 0:47:07]} 32. Qf1
{[%clk 0:52:41]} Rhd8 {[%clk 0:44:25]} 33. Qf2 {[%clk 0:50:34]} Rc7
{[%clk 0:40:31]} 34. Rd3 {[%clk 0:50:22]} Rcc8 {[%clk 0:40:21]} 35. Qf1
{[%clk 0:48:56]} Rc7 {[%clk 0:23:27]} 36. R1d2 {[%clk 0:46:32]} Rcc8
{[%clk 0:23:13]} 37. Qd1 {[%clk 0:46:51]} Rh8 {[%clk 0:23:39]} 38. Qe1
{[%clk 0:43:43]} Rhd8 {[%clk 0:22:52]} 39. Bg5 {[%clk 0:43:01]} Rb8
{[%clk 0:18:55]} 40. Qd1 {[%clk 0:38:45]} Rh8 {[%clk 0:19:08]} 41. g4
{[%clk 0:31:07]} hxg4 {[%clk 0:19:28]} 42. Qxg4 {[%clk 0:31:32]} Rbg8
{[%clk 0:12:32]} 43. Rg2 {[%clk 0:26:29]} Qc8 {[%clk 0:10:28]} 44. Rdg3
{[%clk 0:25:43]} Bxg5 {[%clk 0:19:45]} 45. Qxg5+ {[%clk 0:35:40]} f6
{[%clk 0:18:56]} 46. Qe3 {[%clk 0:35:52]} Kf8 {[%clk 0:18:09]} 47. Rg4
{[%clk 0:32:28]} Qb7 {[%clk 0:17:17]} 48. Kb2 {[%clk 0:32:44]} Rh7
{[%clk 0:15:30]} 49. Qg3 {[%clk 0:31:42]} Rh6 {[%clk 0:14:56]} 50. Qd3
{[%clk 0:24:48]} Qa7 {[%clk 0:15:09]} 51. Qe3 {[%clk 0:22:12]} Rh7
{[%clk 0:15:14]} 52. Qg1 {[%clk 0:20:53]} Rh6 {[%clk 0:14:37]} 53. Qe3
{[%clk 0:20:49]} 1/2-1/2

[Event "2017 O2C Doeberl Cup"]
[Site "Canberra Australia"]
[Date "2017.04.17"]
[Round "9.5"]
[White "Sukandar, Irine Kharisma"]
[Black "Brown, Andrew"]
[Result "1-0"]
[LiveChessVersion "1.4.4"]
[BlackElo "2326"]
[WhiteElo "2419"]

1. e4 {[%clk 1:24:44]} d6 {[%clk 1:30:46]} 2. d4 {[%clk 1:24:55]} g6
{[%clk 1:30:53]} 3. Nc3 {[%clk 1:24:47]} Bg7 {[%clk 1:31:15]} 4. Nf3
{[%clk 1:24:33]} a6 {[%clk 1:29:37]} 5. a4 {[%clk 1:24:36]} Nf6 {[%clk 1:22:42]}
6. h3 {[%clk 1:24:35]} O-O {[%clk 1:21:49]} 7. Be3 {[%clk 1:24:10]} b6
{[%clk 1:13:05]} 8. Qd2 {[%clk 1:24:05]} c5 {[%clk 1:13:12]} 9. Bh6
{[%clk 1:21:58]} Bb7 {[%clk 1:09:41]} 10. d5 {[%clk 1:12:15]} e6 {[%clk 1:03:56]}
11. dxe6 {[%clk 1:07:33]} fxe6 {[%clk 1:03:41]} 12. O-O-O {[%clk 1:05:00]} d5
{[%clk 0:26:26]} 13. exd5 {[%clk 1:01:17]} exd5 {[%clk 0:25:36]} 14. Bxg7
{[%clk 1:00:23]} Kxg7 {[%clk 0:26:00]} 15. Bc4 {[%clk 0:59:02]} d4
{[%clk 0:22:57]} 16. Ng5 {[%clk 0:58:29]} Bc8 {[%clk 0:22:33]} 17. Rhe1
{[%clk 0:55:38]} Nc6 {[%clk 0:15:25]} 18. Nce4 {[%clk 0:54:06]} Nxe4
{[%clk 0:13:48]} 19. Rxe4 {[%clk 0:54:09]} b5 {[%clk 0:12:29]} 20. Be6
{[%clk 0:45:53]} Rxf2 {[%clk 0:05:49]} 21. Qxf2 {[%clk 0:44:25]} Qxg5+
{[%clk 0:06:12]} 22. Qd2 {[%clk 0:41:33]} Qxd2+ {[%clk 0:02:26]} 23. Rxd2
{[%clk 0:41:22]} Bxe6 {[%clk 0:01:54]} 24. Rxe6 {[%clk 0:41:47]} Rc8
{[%clk 0:02:15]} 25. axb5 {[%clk 0:39:50]} axb5 {[%clk 0:02:42]} 26. Rf2
{[%clk 0:39:41]} Rc7 {[%clk 0:02:00]} 27. g4 {[%clk 0:38:58]} h6 {[%clk 0:01:00]}
28. h4 {[%clk 0:37:05]} c4 {[%clk 0:00:37]} 29. h5 {[%clk 0:35:29]} gxh5
{[%clk 0:00:38]} 30. gxh5 {[%clk 0:35:50]} Ne7 {[%clk 0:00:35]} 31. Re4
{[%clk 0:34:05]} Nd5 {[%clk 0:00:33]} 32. Rg4+ {[%clk 0:34:13]} Kh7
{[%clk 0:00:52]} 33. Rxd4 {[%clk 0:34:31]} Nb4 {[%clk 0:00:34]} 34. Rf5
{[%clk 0:33:53]} Rg7 {[%clk 0:00:34]} 35. Rxb5 {[%clk 0:32:39]} Rg1+
{[%clk 0:00:50]} 36. Kd2 {[%clk 0:32:28]} Rg2+ {[%clk 0:00:33]} 37. Kd1
{[%clk 0:30:50]} Rg1+ {[%clk 0:00:46]} 38. Ke2 {[%clk 0:31:05]} Rg2+
{[%clk 0:00:33]} 39. Kf3 {[%clk 0:31:07]} Nxc2 {[%clk 0:00:50]} 40. Rb7+
{[%clk 0:30:39]} Kh8 {[%clk 0:01:11]} 41. Rd8+ {[%clk 0:30:59]} Rg8
{[%clk 0:01:36]} 42. Rxg8+ {[%clk 0:31:18]} Kxg8 {[%clk 0:02:01]} 43. Rc7
{[%clk 0:31:21]} Ne1+ {[%clk 0:01:37]} 44. Ke2 {[%clk 0:31:39]} Nd3
{[%clk 0:02:02]} 45. Rxc4 {[%clk 0:32:01]} Nxb2 {[%clk 0:01:45]} 46. Rb4
{[%clk 0:32:22]} 1-0

[Event "2017 O2C Doeberl Cup"]
[Site "Canberra Australia"]
[Date "2017.04.17"]
[Round "9.6"]
[White "Ikeda, Junta"]
[Black "Smirnov, Anton"]
[Result "1-0"]
[LiveChessVersion "1.4.4"]
[BlackElo "2511"]
[WhiteElo "2394"]

1. Nf3 {[%clk 1:30:57]} d5 {[%clk 1:29:48]} 2. g3 {[%clk 1:31:22]} c6
{[%clk 1:30:14]} 3. Bg2 {[%clk 1:31:49]} Bg4 {[%clk 1:30:38]} 4. O-O
{[%clk 1:32:15]} Nd7 {[%clk 1:31:03]} 5. d3 {[%clk 1:32:41]} e6 {[%clk 1:31:24]}
6. h3 {[%clk 1:30:49]} Bh5 {[%clk 1:27:45]} 7. e4 {[%clk 1:30:30]} Ngf6
{[%clk 1:25:54]} 8. Qe1 {[%clk 1:18:35]} dxe4 {[%clk 1:20:43]} 9. dxe4
{[%clk 1:19:00]} Bc5 {[%clk 1:20:56]} 10. Nbd2 {[%clk 1:10:23]} Qc7
{[%clk 1:17:15]} 11. Kh1 {[%clk 1:07:00]} h6 {[%clk 1:05:12]} 12. Nc4
{[%clk 0:57:41]} Bxf3 {[%clk 0:56:13]} 13. Bxf3 {[%clk 0:58:06]} b5
{[%clk 0:56:12]} 14. Nd2 {[%clk 0:53:49]} Nb6 15. Bg2 Nfd7 {[%clk 0:45:16]} 16.
f4 {[%clk 0:43:05]} Bb4 {[%clk 0:44:29]} 17. c3 {[%clk 0:34:01]} Be7
{[%clk 0:44:52]} 18. Qe2 {[%clk 0:34:03]} Rd8 {[%clk 0:40:04]} 19. Nf3
{[%clk 0:33:20]} a6 {[%clk 0:38:48]} 20. b3 {[%clk 0:32:43]} c5 {[%clk 0:37:34]}
21. a4 {[%clk 0:29:32]} bxa4 {[%clk 0:35:03]} 22. bxa4 {[%clk 0:29:57]} a5
{[%clk 0:35:28]} 23. g4 {[%clk 0:14:56]} c4 {[%clk 0:34:02]} 24. e5
{[%clk 0:11:12]} h5 {[%clk 0:27:38]} 25. Nd4 {[%clk 0:10:52]} Nc5
{[%clk 0:23:45]} 26. gxh5 {[%clk 0:09:14]} Rxd4 {[%clk 0:17:41]} 27. cxd4
{[%clk 0:09:35]} Nb3 {[%clk 0:18:02]} 28. Rb1 {[%clk 0:09:08]} Nd5
{[%clk 0:15:49]} 29. Bxd5 {[%clk 0:08:14]} exd5 {[%clk 0:16:09]} 30. Be3
{[%clk 0:07:11]} f5 {[%clk 0:14:00]} 31. Rg1 {[%clk 0:06:49]} Bf8
{[%clk 0:12:49]} 32. Rg6 {[%clk 0:06:36]} Qd7 {[%clk 0:12:06]} 33. Qf3
{[%clk 0:05:59]} Rh6 {[%clk 0:11:58]} 34. Rxh6 {[%clk 0:04:57]} gxh6
{[%clk 0:12:25]} 35. Rg1 {[%clk 0:04:41]} Kd8 {[%clk 0:10:15]} 36. Rg8
{[%clk 0:04:12]} Ke7 {[%clk 0:08:29]} 37. Bf2 {[%clk 0:03:54]} Nd2
{[%clk 0:04:27]} 38. Qa3+ {[%clk 0:04:13]} 1-0

[Event "2017 O2C Doeberl Cup"]
[Site "Canberra Australia"]
[Date "2017.04.17"]
[Round "9.7"]
[White "Krasenkova, Ilena"]
[Black "Lane, Gary W"]
[Result "0-1"]
[LiveChessVersion "1.4.4"]
[BlackElo "2391"]
[WhiteElo "2092"]

1. d4 {[%clk 1:30:58]} d5 {[%clk 1:30:56]} 2. Nf3 {[%clk 1:31:20]} Nf6
{[%clk 1:31:20]} 3. Bf4 {[%clk 1:31:33]} e6 {[%clk 1:30:39]} 4. h3
{[%clk 1:30:55]} Bd6 {[%clk 1:26:12]} 5. Bxd6 {[%clk 1:28:26]} Qxd6
{[%clk 1:26:23]} 6. a3 {[%clk 1:28:29]} Nbd7 {[%clk 1:18:47]} 7. e3
{[%clk 1:28:45]} O-O {[%clk 1:15:20]} 8. Be2 {[%clk 1:28:46]} b6 {[%clk 1:09:46]}
9. O-O {[%clk 1:28:24]} Bb7 {[%clk 1:09:58]} 10. b4 {[%clk 1:23:14]} Ne4
{[%clk 0:58:15]} 11. c4 {[%clk 1:22:34]} dxc4 {[%clk 0:44:51]} 12. Bxc4
{[%clk 1:22:52]} Rad8 {[%clk 0:45:00]} 13. Qc2 {[%clk 1:16:41]} e5
{[%clk 0:31:02]} 14. Rd1 {[%clk 1:09:14]} Qe7 {[%clk 0:30:17]} 15. d5
{[%clk 1:02:40]} Ndf6 {[%clk 0:28:51]} 16. Qb3 {[%clk 0:48:02]} a6
{[%clk 0:22:36]} 17. a4 {[%clk 0:46:28]} Rd7 {[%clk 0:22:01]} 18. Nc3
{[%clk 0:43:40]} Nxc3 {[%clk 0:18:59]} 19. Qxc3 {[%clk 0:43:35]} e4
{[%clk 0:19:14]} 20. Ne5 {[%clk 0:34:51]} Nxd5 {[%clk 0:19:31]} 21. Qb2
{[%clk 0:29:42]} Rd6 {[%clk 0:17:21]} 22. b5 {[%clk 0:29:59]} a5 {[%clk 0:17:30]}
23. Bb3 {[%clk 0:27:55]} Re8 {[%clk 0:17:03]} 24. Nc4 {[%clk 0:26:09]} Rg6
{[%clk 0:17:27]} 25. Nxa5 {[%clk 0:22:01]} bxa5 {[%clk 0:16:52]} 26. Bxd5
{[%clk 0:21:41]} Qg5 {[%clk 0:17:16]} 27. f4 {[%clk 0:20:02]} exf3
{[%clk 0:17:40]} 28. Bxb7 {[%clk 0:19:13]} Qxe3+ {[%clk 0:17:56]} 29. Kh1
{[%clk 0:19:16]} Rxg2 {[%clk 0:18:21]} 30. Qxg2 {[%clk 0:08:05]} fxg2+
{[%clk 0:18:43]} 31. Bxg2 {[%clk 0:08:33]} h5 {[%clk 0:18:45]} 32. Rf1
{[%clk 0:08:48]} Qg3 {[%clk 0:18:40]} 33. Rg1 {[%clk 0:08:01]} Re2
{[%clk 0:18:26]} 34. Rad1 {[%clk 0:08:12]} g5 {[%clk 0:18:28]} 35. Rd5
{[%clk 0:06:20]} Kf8 {[%clk 0:16:25]} 36. Rd8+ {[%clk 0:05:38]} Kg7
{[%clk 0:16:39]} 37. Rd5 {[%clk 0:05:43]} h4 {[%clk 0:12:40]} 38. Rf5
{[%clk 0:04:40]} Rxg2 {[%clk 0:11:56]} 39. Rxg5+ {[%clk 0:04:06]} Qxg5
{[%clk 0:12:21]} 40. Rxg2 {[%clk 0:04:34]} Kf6 {[%clk 0:12:44]} 41. Rxg5
{[%clk 0:04:59]} Kxg5 {[%clk 0:13:08]} 42. Kg2 {[%clk 0:05:27]} Kf4
{[%clk 0:13:30]} 43. Kf2 {[%clk 0:05:54]} f5 {[%clk 0:13:54]} 44. Kg2
{[%clk 0:06:17]} Ke3 {[%clk 0:14:15]} 45. Kg1 {[%clk 0:06:34]} Ke2
{[%clk 0:14:38]} 0-1